| 000 | 00690nam a2200217 u 4500 | ||
|---|---|---|---|
| 005 | 20240316063917.0 | ||
| 008 | 130815s2011 r 000 0 eng d | ||
| 020 | _a9788433024862 | ||
| 035 | _aUPN01000192273 | ||
| 049 | _aCG | ||
| 050 | 4 |
_aBF637 B8.5 _bR3.2 |
|
| 100 | 1 |
_aRandall, Peter, _d1948- _934179 |
|
| 245 | 1 | 0 |
_aBullying entre adultos : _bagresores y víctimas / _cPeter Randall. |
| 260 |
_aBilbao, Esp. : _bDesclée de Brouwer, _c2011. |
||
| 300 | _a315 p. | ||
| 440 | 0 |
_aCrecimiento personal ; _v155. _pSerendipity |
|
| 534 |
_pTítulo original: _tAdult bullying. Perpetrators and victims |
||
| 650 | 4 |
_aAgresividad (Psicología) _92250 |
|
| 905 | _aLibro | ||
| 999 |
_c164376 _d164376 |
||